| 000 | 00660nam a22002057a 4500 | ||
|---|---|---|---|
| 999 |
_c18252 _d18252 |
||
| 008 | 180712b xxu||||| |||| 00| 0 eng d | ||
| 020 | _a1496377593 | ||
| 040 |
_aKABU _cKABU |
||
| 050 |
_aRB113 _b.N67 2019 c. 1 |
||
| 100 | _aNorris, Tommie L. | ||
| 245 |
_aPorth's pathophysiology _bconcepts of altered health states _cTommie L. Norris |
||
| 250 | _a10th ed. | ||
| 260 |
_aPhiladelphia _bWolters Kluwer _c2019 |
||
| 300 | _axxv, 1573 p. | ||
| 650 |
_aPathology _vNurses' instruction |
||
| 650 |
_aPhysiology _vNurses' instruction |
||
| 650 |
_aDisease _vNurses' instruction |
||
| 700 | _aTuan, Rupa Lalchandani | ||
| 942 |
_2lcc _cBK _e10th ed. _hRB113 |
||